Marketing express
Đã lưu trong:
| 主要作者: | |
|---|---|
| 格式: | 图书 |
| 语言: | Undetermined |
| 出版: |
West Sussex, England
Capstone Publishing Ltd.
2006
|
| 主题: | |
| 标签: |
添加标签
没有标签, 成为第一个标记此记录!
|
| Thư viện lưu trữ: | Trung tâm Học liệu Trường Đại học Cần Thơ |
|---|
| LEADER | 00480nam a2200181Ia 4500 | ||
|---|---|---|---|
| 001 | CTU_128772 | ||
| 008 | 210402s9999 xx 000 0 und d | ||
| 020 | |c 155000 | ||
| 082 | |a 658.8 | ||
| 082 | |b M342 | ||
| 100 | |a Mariotti, John L. | ||
| 245 | 0 | |a Marketing express | |
| 260 | |a West Sussex, England | ||
| 260 | |b Capstone Publishing Ltd. | ||
| 260 | |c 2006 | ||
| 650 | |a Marketing,Tiếp thị | ||
| 904 | |i Minh | ||
| 980 | |a Trung tâm Học liệu Trường Đại học Cần Thơ | ||